Pamiatky - súčasnosť metodicko-odborný a informačný časopis

Podrobná bibliografia
Nový názov:Vlastivedný časopis
Pamiatky a múzeá
Predchádzajúci názov:Pamiatky a príroda
Ďalší autori: Szalayová, Magdaléna (Šéfredaktor, zodpovedný redaktor)
Médium: Časopis
Jazyk:slovenčina
Fyzický popis:2 zv. 29 cm
Vydavateľské údaje: Bratislava Obzor 1990-1991
ISSN:0231-5173
0139-6668
1335-4353
Predmet:

MARC

LEADER 00000cas a2200000 a 4500
001 vtls008883480
003 SK-MaSNL
005 20260228162154.0
008 141119d19901991xo br|p 0 0 b0slo d
035 |a (SVKBB03)vtls000132040 
040 |a SVKBB  |b slo  |c SVKBB  |d SAVUK  |d SNK  |e AACR2 
041 0 |a slo 
044 |a xo  |c SK 
072 7 |a 71  |x Územné plánovanie. Urbanizmus. Pamiatková starostlivosť  |2 konspekt 
072 7 |a 904  |x Kultúrne pamiatky historického obdobia všeobecne  |2 konspekt 
080 |a 719  |2 2001 
080 |a 904  |2 2001 
080 |a 72:904  |2 2001 
080 |a 7.025.3/.4  |2 2001 
080 |a 050  |2 2001 
245 0 0 |a Pamiatky - súčasnosť  |b metodicko-odborný a informačný časopis 
260 |a Bratislava  |b Obzor  |c 1990-1991 
300 |a 2 zv.  |c 29 cm 
310 |a 6x ročne 
362 0 |a Roč. 1 = 21, č. 1 (1990)-roč. XXII, č. 1 (1991) 
500 |a Od roku 1991 zlúčený s Vlastivedným časopisom. Vychádza pod názvom Pamiatky a múzeá 
500 |a Vydáva Štátny ústav pamiatkovej starostlivosti v Bratislave vo vyd. Obzor Bratislava 
500 |a Vedúci redaktor: 1990-1991, Magdaléna Szalayová 
500 |a V r. 1970-1989 vychádzal časopis pod názvom Pamiatky a príroda 
650 0 7 |a kultúrne pamiatky  |2 SNKPH  |9 2862 
650 0 7 |a ochrana kultúrnych pamiatok  |2 SNKPH  |9 2861 
650 0 7 |a architektonické pamiatky  |2 SNKPH  |9 28990 
650 0 7 |a pamiatková starostlivosť  |2 SNKPH  |9 2863 
650 0 7 |a pamiatky  |2 SNKPH  |9 3808 
655 7 |a odborné časopisy  |2 SNKPH  |9 70505 
700 1 |a Szalayová, Magdaléna  |4 pbd  |9 270502 
780 0 0 |t Pamiatky a príroda  |x 0231-5173  |w vtls008883479 
785 0 7 |t Vlastivedný časopis  |x 0139-6668  |w vtls008958491 
785 0 7 |t Pamiatky a múzeá  |x 1335-4353  |w vtls001475995 
852 |a Štátna vedecká knižnica v Banskej Bystrici 
910 |a savuk 
910 |a snk 
916 |a 1990-1991 
999 |c 7004  |d 8934 
952 |0 0  |1 0  |4 0  |7 0  |a SNK  |b SNK  |d 1997-10-29  |f 1  |i snkČSP 335/92  |l 0  |o snkČSB 2123/1/(21)/1990  |p 17A0105509  |r 2005-01-02 00:00:00  |t č. 1-6  |w 2026-02-21  |y PREZ 
952 |0 0  |1 0  |4 0  |7 0  |a SNK  |b SNK  |d 1998-12-15  |l 0  |o snkČSB 2123/1/(21)/1990 D1  |p 17A0173827  |r 2005-01-02 00:00:00  |t č. 1-6  |w 2026-02-21  |y PREZ 
952 |0 0  |1 0  |4 0  |7 0  |a SNK  |b SNK  |d 2014-05-29  |f 1  |i snkČSP 3250/93  |l 0  |o snkČSB 2123/22/1991   |p 17A0999230  |r 2026-02-21 21:14:25  |t č. 1  |w 2026-02-21  |y PREZ 
952 |0 0  |1 0  |4 0  |7 0  |a SNK  |b SNK  |d 1999-04-06  |l 0  |o snkČSB 2123/22/1991 D1  |p 17A0188320  |r 2005-01-02 00:00:00  |t č. 1  |w 2026-02-21  |y PREZ